000
00319nam a22001457a 4500
008
230926b ||||| |||| 00| 0 eng d
020
_a
9781550144888
041
_a
eng
080
_a
618
082
_a
618FRI
100
_a
15
101
_a
GJINEK
245
_a
MOTHERING AND BLOGGING
_c
FRIEDMAN.M
942
_2
udc
_c
BK
999
_c
60404
_d
60404